| 000 | 03168nam a2200349 i 4500 | ||
|---|---|---|---|
| 001 | 000000261 | ||
| 003 | DO-SdBNP | ||
| 005 | 20260218091443.0 | ||
| 007 | ta | ||
| 008 | 081112s2007 dr 001 0 spa d | ||
| 040 |
_aDO-SdBNP _bspa _cBNPHU _erda |
||
| 041 | _aspa | ||
| 082 | 4 |
_aRD864.5 _bA473g _222 |
|
| 100 | 1 |
_aÁlvarez Eve, Franklin, _d1960- _eautor _4aut. _9850 |
|
| 245 | 1 | 0 |
_aGalería de personajes populares puertoplateños / _cFranklin Álvarez Eve. |
| 264 | 4 |
_aSanto Domingo, República Dominicana : _bEdiciones Renovación, _c©2007. |
|
| 300 |
_a317 páginas ; _c22 cm. |
||
| 336 |
_atexto _btxt _2rdacontent |
||
| 337 |
_asin mediación _bn _2rdamedia |
||
| 338 |
_avolumen _bnc _2rdamedia |
||
| 500 | _aIncluye datos biográficos del autor en la página 13 | ||
| 500 | _aIncluye referencias bibliográficas y notas al pie de las páginas | ||
| 504 | _aBibliografía : páginas 315-317. | ||
| 505 | 0 |
_aEl compromiso de Brugal & Co. para elevar el nivel cultural de los dominicanos -- _tPresentación -- _tVeredicto del jurado -- _tQuién es Franklin Álvarez Eve -- _tIntroducción -- _tTidá: la bruja del barrio -- _tTres líneas para hueso -- _tVenturas y desventuras de Tatá la bizca -- _t¡Arriba Pililo! -- _tA don Paquito, en donde esté -- _tAlito, o la pasión por las noticias -- _tBatería: profesor e intérprete de sueños -- _tBrevísima biografía de Nano el loco -- _tCrispín López -- _tMás sobre Pirín López -- _tBrulet Portoreal: el gramático -- _tCali Gilbert: entre la ebanistería y el crucigrama -- _tChiquiro: un carpintero superticioso (i) -- _tChiquiro: un carpintero supersticioso (ii) -- _tDanilo Mesa: el aristócrata -- _tLos Mathieu -- _tDon Pablo Clase: el evangélico -- _tFello el pescador -- _tFello Ojo Clavao -- _tFrancisco Papaterra -- _tHito -- _tHarry Gilbert: genio y figura -- _tHappy birthday, Harry Gilbert -- _tHugo González o la infaliblidad de la miel de abeja -- _tJavier Silva: el invencible -- _tJosé Pericles -- _tLa importancia de llamarse José Ponce -- _tJuanito el limpiabotas -- _tLa carreta y el caballo: una excéntrica história de amor -- _tLa chulamía -- _tLa coronela -- _tLa loca del malecón -- _tla lalofobia o el complejo de pata´ e palo -- _tChamón y la tertulia de la esquina del parque -- _tLos buenos tiempos de Jimmy Candela -- _tNegro: vendedor ambulante y hermeneuta -- _tPapito Jiménez: el último de los grandes comparseros -- _tJames Bond: del baloncesto a la pintura de brocha gorda -- _tPeligro -- _tSencillamente Jobito -- _tPikin: el bromista -- _tPirín el loco -- _tUn día en la vida de Miguel, el platanero -- _tEl chulo, o la otra historia de Pantagruel -- _tDorita y la tertulia de los zapateros -- _tPapito, el del parque -- _tPolo boca´e fleco y su chiva -- _tMimo, el violinista ciego -- _tPepe el dilecto -- |
|
| 505 | 0 |
_tDocumento -- _tA modo de conclusión -- _tBibliografía. |
|
| 586 | _aPremio Nacional de Ensayo "Rufino Martínez", categoría adulto, 2006. Concurso Literario "Por nuestro país primero", | ||
| 590 | _aInventarido, 2020/LP | ||
| 650 | 4 |
_aEnsayos dominicanos _965 |
|
| 650 | 4 |
_aLiteratura dominicana. _967 |
|
| 910 | _aValidado. Control de calidad MFF | ||
| 942 |
_2ddc _cLBS1 |
||
| 999 |
_c261 _d261 |
||